000 00650nam a2200181 i 4500
001 39839
003 ES-MaACL
005 20250902003048.0
007 t|
008 030304s1925 sp ||||1| spa d
245 0 0 _aCanje de notas concertando un modus vivendi comercial entre España y la Unión Belgo-luxemburguesa.
260 _aMadrid :
_b[s.n.,
_c1925] (
_fImp. Ministerio de Estado)
300 _a12 p. ;
_c23 cm.
490 1 _aConsejo de Economía Nacional. Informe comercial
830 0 0 _aConsejo de Economía Nacional.
_pSección de información comercial
_9229722
852 _aES-MaACL
_j1613-F-6
999 _c39839
_d39839